<?xml version="1.0" encoding="UTF-8"?>
<record
    xmlns:xsi="http://www.w3.org/2001/XMLSchema-instance"
    xsi:schemaLocation="http://www.loc.gov/MARC21/slim http://www.loc.gov/standards/marcxml/schema/MARC21slim.xsd"
    xmlns="http://www.loc.gov/MARC21/slim">

  <leader>00430nam a2200109   4500</leader>
  <datafield tag="999" ind1=" " ind2=" ">
    <subfield code="c">37073</subfield>
    <subfield code="d">37073</subfield>
  </datafield>
  <datafield tag="100" ind1=" " ind2=" ">
    <subfield code="a">Thakur, B.R.</subfield>
    <subfield code="u">Department of Geography, Himanchal Pradesh University</subfield>
    <subfield code="v">Shimla, Himachal Pradesh</subfield>
  </datafield>
  <datafield tag="245" ind1=" " ind2=" ">
    <subfield code="a">Non-tribal areas of Himachal Pradesh problem and prospects /</subfield>
    <subfield code="c">B.R. Thakur</subfield>
  </datafield>
  <datafield tag="260" ind1=" " ind2=" ">
    <subfield code="a">New Delhi :</subfield>
    <subfield code="b">Indian Council of Social Science Research,</subfield>
    <subfield code="c">2013</subfield>
  </datafield>
  <datafield tag="300" ind1=" " ind2=" ">
    <subfield code="a">325p.</subfield>
  </datafield>
  <datafield tag="650" ind1=" " ind2=" ">
    <subfield code="a">Non-tribal areas</subfield>
    <subfield code="z">Himachal Pradesh</subfield>
  </datafield>
  <datafield tag="942" ind1=" " ind2=" ">
    <subfield code="2">ddc</subfield>
    <subfield code="c">RP</subfield>
  </datafield>
  <datafield tag="952" ind1=" " ind2=" ">
    <subfield code="0">0</subfield>
    <subfield code="1">0</subfield>
    <subfield code="4">0</subfield>
    <subfield code="7">1</subfield>
    <subfield code="8">MRP</subfield>
    <subfield code="a">NASSDOC</subfield>
    <subfield code="b">NASSDOC</subfield>
    <subfield code="d">2022-08-05</subfield>
    <subfield code="e">Research Report Division</subfield>
    <subfield code="l">0</subfield>
    <subfield code="o">RT.0102</subfield>
    <subfield code="p">52047</subfield>
    <subfield code="r">2022-08-05 00:00:00</subfield>
    <subfield code="w">2022-08-05</subfield>
    <subfield code="y">RP</subfield>
  </datafield>
</record>
